000 00633nam a2200181Ia 4500
008 090124s9999 xx 000 0 und d
082 _b131705
100 _aहरकारे अरुण
245 _a कशा झाल्या चकमकी ( पोलीस कथा )
250 _a1
260 _c2003
300 _a160
600 _aहरकारे अरुण
630 _a कशा झाल्या चकमकी ( पोलीस कथा )
700 _aहरकारे अरुण
730 _a कशा झाल्या चकमकी ( पोलीस कथा )
942 _cBOOK
999 _c177794
_d177794